| 000 | 01167nmm a2200313 a 4500 | ||
|---|---|---|---|
| 001 | ocm0002016253 | ||
| 003 | TR-IsHL | ||
| 005 | 20201028181313.0 | ||
| 008 | 181231s2017 tu tur | ||
| 007 | cr cn | ||
| 020 | _a9786053275626 | ||
| 035 |
_a2016253 _b(N$T) |
||
| 050 | 0 | 4 |
_aHC241.25.T9 _bS26 2017 |
| 090 | 0 | 4 |
_aHC241.25.T9 _bS26 2017 |
| 100 | 1 | _aSandalcılar, Ali Rıza | |
| 245 | 1 | 0 |
_aEkonomik entegrasyonlar Avrupa Birliği ve Türkiye _h[electronic resource] / _cAli Rıza Sandalcılar ; Seven Erdoğan |
| 260 |
_aBursa : _bEkin Basın Yayın Dağıtım, _c2017 |
||
| 300 | _a147 p. | ||
| 500 | _aKaynakça var. | ||
| 650 | 4 | _aEkonomi ve Finans | |
| 650 | 4 | _aEconomics and Finance | |
| 650 | 0 |
_aAvrupa biriliği _x Türkiye |
|
| 650 | 0 |
_aEuropean Union _x Turkey |
|
| 650 | 0 |
_aAvrupa biriliği ülkeleri _x Dış ekonomik ilişkiler _x Türkiye |
|
| 650 | 0 |
_aEuropean Union countries _x Foreign economic relations _x Turkey |
|
| 650 | 7 |
_aBUSINESS & ECONOMICS / International / General _2bisacsh |
|
| 700 | 1 | _aErdoğan, Sever | |
| 856 | 4 | 0 | _uhttp://search.ebscohost.com/login.aspx?direct=true&scope=site&db=e011xww&AN=2016253 |
| 999 |
_c19539 _d19539 |
||